00592nam a2200193Ia 4500008004100000020001300041082001500054100002200069245003900091250000700130260004500137300002900182500001900211600002000230650002000250942000700270952010600277999001500383240925s9999 xx 000 0 und d a23876514 a371.26 NIT aNitko ,Anthony J. 0aEducational Assessment of Students aNA aNew Jersey:bPrintice- Hall Int.c,1996. axxiv,662p.bNAfOriginal aIncludes Index aSocial Sciences aSocial Sciences cBK 001040708SSaUITUbUITUd2000-08-16eNAl0o371.26 NITpQ2949r2024-09-25 07:12:58w2024-09-25yBK c5448d5448